[Event "MVS-ch U16/18"]
[Site "Grossauheim"]
[Date "2000.11.26"]
[Round "6"]
[White "Balzer, Robert"]
[Black "Leiherer, Christian"]
[Result "1-0"]
[WhiteElo "1653"]
[BlackElo "1400"]
[PlyCount "61"]
[EventDate "2000.11.18"]
[EventType "swiss"]
[EventRounds "6"]
[EventCountry "GER"]
[SourceTitle "EXT 2003"]
[Source "ChessBase"]
[SourceDate "2002.11.25"]
[SourceVersion "1"]
[SourceVersionDate "2002.11.25"]
[SourceQuality "1"]

1. d4 d5 2. c4 e6 3. Nc3 Nf6 4. Bg5 h6 5. Bh4 Nc6 6. cxd5 exd5 7. Nf3 Bf5 8. e3 a6 9. Bxf6 gxf6 10. Qb3 Bb4 11. Be2 b6 12. 0-0 Bxc3 13. bxc3 Rg8 14. Rfe1 Qd7 15. Bf1 Be4 16. Nd2 Bxg2 17. Bxg2 Qh3 18. Qxd5 Qe6 19. Qxe6+ fxe6 20. Kf1 Kd7 21. Ne4 Raf8 22. Rad1 Ne7 23. c4 c6 24. Nc3 Rg7 25. Bf3 Rfg8 26. Ke2 Kc7 27. d5 cxd5 28. cxd5 exd5 29. Nxd5+ Nxd5 30. Rxd5 Rd8 31. Rc1+ 1-0

[Event "MVS-ch U16/18"]
[Site "Grossauheim"]
[Date "2000.11.19"]
[Round "4"]
[White "Leiherer, Christian"]
[Black "Baqui, Khalid"]
[Result "1-0"]
[WhiteElo "1400"]
[BlackElo "614"]
[PlyCount "49"]
[EventDate "2000.11.18"]
[EventType "swiss"]
[EventRounds "6"]
[EventCountry "GER"]
[SourceTitle "EXT 2003"]
[Source "ChessBase"]
[SourceDate "2002.11.25"]
[SourceVersion "1"]
[SourceVersionDate "2002.11.25"]
[SourceQuality "1"]

1. d4 g6 2. Nf3 Nf6 3. c4 Bg7 4. Nc3 0-0 5. e3 e6 6. Bd2 d6 7. Bd3 Nc6 8. a3 b6 9. Qc2 Bb7 10. b3 d5 11. Ne2 dxc4 12. bxc4 Ne7 13. Ng3 Bxf3 14. gxf3 c5 15. dxc5 bxc5 16. Bc3 Qd6 17. Rd1 Qc6 18. Bxf6 Bxf6 19. Be4 Qc8 20. Bxa8 Qxa8 21. Ne4 Bh4 22. Ke2 f5 23. Nxc5 f4 24. Nxe6 Rf7 25. Rd8+ 1-0

[Event "MVS-ch U16/18"]
[Site "Grossauheim"]
[Date "2000.11.18"]
[Round "2"]
[White "Leiherer, Christian"]
[Black "Becker, Michael"]
[Result "1/2-1/2"]
[WhiteElo "1400"]
[BlackElo "1777"]
[PlyCount "91"]
[EventDate "2000.11.18"]
[EventType "swiss"]
[EventRounds "6"]
[EventCountry "GER"]
[SourceTitle "EXT 2003"]
[Source "ChessBase"]
[SourceDate "2002.11.25"]
[SourceVersion "1"]
[SourceVersionDate "2002.11.25"]
[SourceQuality "1"]

1. d4 Nf6 2. Nf3 g6 3. e3 Bg7 4. c4 0-0 5. Nc3 d5 6. b3 b6 7. cxd5 Nxd5 8. Nxd5 Qxd5 9. Bc4 Qd8 10. Bd2 Bb7 11. Rc1 Nd7 12. 0-0 e5 13. dxe5 Nxe5 14. Nxe5 Bxe5 15. Bc3 Qg5 16. g3 Rad8 17. Qe2 Bxc3 18. Rxc3 Qf6 19. Rd3 Bf3 20. Qd2 Be4 21. Rxd8 Rxd8 22. Qe2 Qf3 23. Qxf3 Bxf3 24. Rc1 Rd2 25. a4 c5 26. Kf1 Kf8 27. Re1 Ke7 28. Be2 Be4 29. Bc4 Bf3 30. Be2 Bd5 31. Rd1 Rxd1+ 32. Bxd1 Kd6 33. Ke2 c4 34. b4 a5 35. bxa5 bxa5 36. Kd2 Kc5 37. Kc3 f6 38. f3 h6 39. h3 Be6 40. h4 Bf5 41. e4 Bd7 42. f4 Be6 43. g4 g5 44. hxg5 hxg5 45. f5 Bf7 46. Be2 1/2-1/2